Административная ответственность и правонарушение Статья
Bewaard in:
| Hoofdauteur: | |
|---|---|
| Formaat: | Статья |
| Editie: | 1 |
| Online toegang: | https://znanium.com/catalog/document?id=241198 https://znanium.com/cover/0498/498271.jpg |
| Tags: |
Voeg label toe
Geen labels, Wees de eerste die dit record labelt!
|
| LEADER | 01519nam0a2200253 i 4500 | ||
|---|---|---|---|
| 001 | RU\infra-m\znanium\bibl\498271 | ||
| 003 | https://znanium.com/catalog/document?id=241198 | ||
| 005 | 20190811000000.0 | ||
| 100 | |a 20190811d2014 m y0rusy0150 ca | ||
| 101 | 0 | |a rus | |
| 102 | |a RU | ||
| 200 | 1 | |a Административная ответственность и правонарушение |e Статья |f Верховный Суд Российской Федерации |g Российский государственный университет правосудия г. Москва им. В.М. Лебедева | |
| 205 | |a 1 | ||
| 210 | 1 | |a Москва |c ООО "Научно-издательский центр ИНФРА-М" |d 2014 | |
| 215 | |a 8 с. | ||
| 333 | |a Аспирантура | ||
| 608 | |a Статья |2 local | ||
| 675 | |a 342 |z rus | ||
| 686 | |a 67401 |2 rubbk | ||
| 700 | 1 | |a Серков |b П.П. |g Петр Павлович |p Верховный Суд Российской Федерации | |
| 712 | 0 | 2 | |a Российский государственный университет правосудия г. Москва им. В.М. Лебедева |
| 801 | 0 | |a RU |b Общество с ограниченной ответственностью «ЗНАНИУМ» |c 20141204 |2 rusmarc | |
| 856 | 4 | |a znanium.com |m ebs_support@infra-m.ru |n НИЦ ИНФРА-М |u https://znanium.com/catalog/document?id=241198 | |
| 856 | 4 | 1 | |a znanium.com |d /cover/0498 |f 498271.jpg |q image/jpeg |u https://znanium.com/cover/0498/498271.jpg |